Código Civil de Venezuela
Uloženo v:
| Médium: | Kniha |
|---|---|
| Jazyk: | španělština |
| Vydáno: |
Caracas
La Torre
1970
|
| Témata: | |
| Tagy: |
Přidat tag
Žádné tagy, Buďte první, kdo vytvoří štítek k tomuto záznamu!
|
MARC
| LEADER | 00000nam a2200000 a 4500 | ||
|---|---|---|---|
| 001 | UCS2156 | ||
| 003 | CL-VaPUC | ||
| 008 | 970516e19700000VE |||||||||||||||||spa|d | ||
| 082 | 0 | 4 | |a 346.87 |b COD |2 21 |
| 245 | 1 | 0 | |a Código Civil de Venezuela |
| 300 | |a 467 p | ||
| 942 | |c BK | ||
| 945 | |d 19970516 00:00:00 |a lriquelm | ||
| 260 | |a Caracas |b La Torre |c 1970 | ||
| 650 | 0 | |a Códigos |9 352314 | |
| 650 | 0 | |a Derecho civil |9 255013 | |
| 650 | 7 | |a PERSONA |2 CL-VaPUC |9 327934 | |
| 650 | 7 | |a MATRIMONIO |2 CL-VaPUC |9 387247 | |
| 650 | 0 | |a Filiación |9 256647 | |
| 650 | 0 | |a Tutela |9 259125 | |
| 650 | 0 | |a Bienes |9 255749 | |
| 650 | 0 | |a Propiedad |9 255268 | |
| 650 | 0 | |a Derecho sucesorio |9 255015 | |
| 650 | 0 | |a Obligaciones |9 255578 | |
| 650 | 0 | |a Donación |9 255016 | |
| 650 | 0 | |a Contratos |9 255153 | |
| 650 | 0 | |a Arrendamiento |9 257654 | |
| 650 | 0 | |a Hipoteca |9 255780 | |
| 651 | 0 | |a Venezuela |9 254993 | |
| 583 | |a last modification |c 19970516 00:00:00 |k Rodrigo Vera | ||
| 999 | |c 260147 |d 260145 | ||
| 952 | |0 0 |1 0 |4 0 |6 346_870000000000000_COD_1970 |7 0 |8 A |9 285790 |a BIBDER |b BIBDER |d 2019-11-19 |i 1856499 |o 346.87 COD 1970 |p 1856499 |r 2023-01-25 |w 2019-11-19 |y BK |k DER | ||